00758nam a22002777a 450000500170000000800410001702000150005804100080007308200200008110000370010124500550013826000150019326000420020826000090025030000190025965000230027865000440030165000160034565000180036165000130037965000150039265000150040794200120042299900150043495200310044920241002145048.0150304b2003 cr ||||| |||| 00| 0 spa d a9977661391 aESP a609.728.6 P426c aPeraldo Huertas, Giovanni923434 aCiencia y técnica en la Costa Rica del Siglo XIX aCosta Rica bEditorial Tecnológica de Costa Rica c2002 a401 páginas  aCIENCIAS NATURALES aDESARROLLO CIENTÍFICO Y TECNOLÓGICO aEDUCACIÓN aARQUEOLOGÍA aHISTORIA aBOTÁNICA aGEOLOGÍA cBK2ddc c3639d3639 o609.728.6 P426cp18645yBK